000 00377nam a2200157 i 4500
001 bg
100 1 _aAISBERG, Eugène
245 _aTelewizja ... ależ to bardzo proste /
_cE. Aisberg.
250 _aWyd.3 uzup. i popr.
260 _aWarszawa,
_c1967.
040 _cBPK
041 _apol
080 _a621.397
942 _cKS
008 s pl f |000 0 pol
999 _c10395
_d10395
856 _uhttp://koha.tu.koszalin.pl/cgi-bin/koha/opac-detail.pl?biblionumber=10395
_yKatalog online BPK